Economía burguesa y economía marxista /
Guardat en:
| Autor principal: | |
|---|---|
| Altres autors: | |
| Format: | Text |
| Publicat: |
México D.F:
Pasado y presente
|
| Edició: | 2 |
| Etiquetes: |
Afegir etiqueta
Sense etiquetes, Sigues el primer a etiquetar aquest registre!
|
MARC
| LEADER | 00000 a a2200000 04500 | ||
|---|---|---|---|
| 001 | 24651 | ||
| 003 | |||
| 040 | |||
| 020 | |a 968-23-0290-0 | ||
| 090 | |a 169800 | ||
| 100 | |a Von Bohm-Bawerk, Eugen | ||
| 245 | |a Economía burguesa y economía marxista / |c Eugen Von Bohm-Bawerk | ||
| 250 | |a 2 | ||
| 260 | |a México D.F: |b Pasado y presente | ||
| 300 | |a 228 p |b **no definido** | ||
| 700 | |a Hilferding, Rudolf |a Von Bortkiewicz, Ladislaus | ||
| 999 | |c 8120 |d 8120 | ||



